Tilastot visalle Liberiaa lähinnä olevat maat

Klikkaa tästä pelataksesi tätä visaa!

Yleistilastot

  • Tätä visaa on pelattu 12 kertaa
  • Keskiarvotulos 18 / 20

Vastaustilastot

kmmaa% Oikein
997Benin
100%
450Burkina Faso
100%
1574Cabo Verde
100%
0Côte d'Ivoire
100%
0Guinea
100%
519Guinea-Bissau
100%
281Mali
100%
721Mauritania
100%
1203Niger
100%
1118Nigeria
100%
452Senegal
100%
0Sierra Leone
100%
886Togo
100%
1811Algeria
90%
665Gambia
90%
469Ghana
90%
1620São Tomé ja Príncipe
80%
1773Päiväntasaajan Guinea
70%
1778Kamerun
50%
1458Länsi-Sahara
20%

Tulosjakauma

Persentiili vastausten määrän mukaan

Jokaisen tuloksen saaneiden osuus

Tuloshistoriasi

Et ole pelannut tätä visaa